000 00563nam a2200133Ia 4500
008 220620s9999||||xx |||||||||||||| ||und||
020 _a9782890000000
245 0 _aAntarctic Biology: Scale Matters
546 _aEnglish[eng]
650 _abiodiversity||Antarctica||global change||eco-evo||spatial scale||temporal scale
700 _aConvey, Peter||Linse, Katrin||James Griffiths, Huw||Danis, Bruno||Pieter Van de Putte, Anton||Elizabeth Murray, Alison
856 _uhttps://www.frontiersin.org/research-topics/6475/antarctic-biology-scale-matters
942 _cEB
999 _c25794
_d25794